Statistics for Movie and TV Celebrities' Real Names

Click here to take the quiz!

General Stats

  • This quiz has been taken 92 times
    (78 since last reset)
  • The average score is 11 of 30

Answer Stats

HintAnswer% Correct
Norma Jean BakerMarilyn Monroe
86%
Carlos EstevezCharlie Sheen
79%
Marion MorrisonJohn Wayne
72%
Mary Elizabeth SpacekSissy Spacek
72%
Archibald LeachCary Grant
68%
Harry Lillis CrosbyBing Crosby
65%
Frances Ethel GummJudy Garland
49%
Thomas Mapother IVTom Cruise
46%
Walter WillisBruce Willis
40%
Frederick AusterlitzFred Astaire
40%
Maurice MicklewhiteMichael Caine
40%
Elizabeth FeyTina Fey
40%
Caryn JohnsonWhoopi Goldberg
40%
Cornelius ChaseChevy Chase
39%
Issur Danielovitch DemskyKirk Douglas
37%
Leslie HopeBob Hope
35%
Alicia FosterJodie Foster
35%
Terry BolleaHulk Hogan
33%
Allen KonigsbergWoody Allen
33%
Demetria GuynesDemi Moore
32%
Sofia ScicoloneSophia Loren
30%
Albert EinsteinAlbert Brooks
18%
Krishna Pandit BhanjiBen Kingsley
18%
Laurence TureaudMr. T
16%
Ilyena MironovHelen Mirren
14%
Margaret Mary HyraMeg Ryan
14%
Michael DouglasMichael Keaton
14%
Eric Marlon BishopJamie Foxx
11%
Alphonso d'DaruzzoAlan Alda
7%
Desiderio Albert Arnaz y De Acha IIIDezi Arnaz
4%

Score Distribution

Percentile by Number Answered

Percent of People with Each Score

Your Score History

You have not taken this quiz since the last reset